000 00595nam a22002057a 4500
003 OSt
005 20151130160340.0
008 151130b xxu||||| |||| 00| 0 eng d
020 _a0471365394.
040 _cDDC.
082 _a370CAN 2000.
100 _aCangelosi,S.James;
_96381
245 _aClassroom Management Strategies;
_bGaining and Mantaining Students' Cooperation.
250 _a4th ed.
260 _aNew York.
_bJohn Willey&Sons,Inc.
_c2000.
300 _axvi,432p;
_bill;
_c24cm
504 _aReferences and index are included.
650 _aEducation.
_91404
942 _2ddc
_cSLOAN
999 _c2759
_d2759